Films avec Michel Constantin (en images) - Statistiques

Statistiques générales
  • Ce quiz a été pris 12 fois
  • Le résultat moyen est 7 sur 16
Statistiques - réponses
Par images Réponse % Correct
Les Morfalous
83%
Ne nous fâchons pas !
75%
La Scoumoune
67%
Les Grandes gueules
58%
Le Trou
50%
Il était une fois un flic
42%
Laisse aller... c'est une valse !
42%
La Traque
42%
Le Deuxième souffle
42%
De la part des copains
33%
Dernier domicile connu
33%
La Cité de la violence
25%
La Loi du survivant
25%
Tir groupé
25%
La Peau de Torpédo
17%
L'Étoile du Sud
17%
Aucun quiz correspondant
Distribution des résultats
% des personnes avec chaque résultat
Percentile par nombre de réponses
Votre historique - résultats
Vous n’avez pas pris ce quiz